| 000 | 01279cam a22003614a 4500 | ||
|---|---|---|---|
| 999 |
_c1330 _d1330 |
||
| 001 | 13422626 | ||
| 003 | OSt | ||
| 005 | 20210202171640.0 | ||
| 008 | 031203s2003 mau 001 0 eng c | ||
| 010 | _a 2003277815 | ||
| 015 | _aGBA2-W3199 | ||
| 020 | _a0340809280 | ||
| 035 | _a(OCoLC)ocm52892317 | ||
| 040 |
_aCLU _cCLU _dUKM _dDLC |
||
| 042 | _apcc | ||
| 050 | 0 | 0 |
_aRG111 _b.K66 2003 |
| 060 | 0 | 4 |
_aWP 18.2 _bK82s 2003 |
| 082 | 0 | 4 |
_aWP 18 K837s 2003 _221 |
| 100 | 1 |
_aKonje, Justin C. _93528 |
|
| 245 | 1 | 0 |
_aShort Essays, MCQS and OSCES for MRCOG part 2 : _ba comprehensive guide |
| 260 |
_a Oxford University Press, _cc2003. |
||
| 300 |
_aviii, 472 p. ; _c25 cm. |
||
| 500 | _a. | ||
| 504 | _aIncludes index | ||
| 650 | 0 |
_aObstetrics MCQs _93529 |
|
| 650 | 0 |
_aMedicine _93530 |
|
| 856 | 4 | 2 |
_3Publisher description _uhttp://www.loc.gov/catdir/enhancements/fy0615/2003277815-d.html |
| 856 | 4 | 1 |
_3Table of contents only _uhttp://www.loc.gov/catdir/enhancements/fy0615/2003277815-t.html |
| 856 | 4 | 2 |
_3Contributor biographical information _uhttp://www.loc.gov/catdir/enhancements/fy1302/2003277815-b.html |
| 906 |
_a7 _bcbc _cpccadap _d2 _encip _f20 _gy-gencatlg |
||
| 942 |
_2z _cSLOAN |
||